<?xml version="1.0" encoding="UTF-8"?><?xml-stylesheet type="text/xsl" href="static/style.xsl"?><OAI-PMH xmlns="http://www.openarchives.org/OAI/2.0/" xmlns:xsi="http://www.w3.org/2001/XMLSchema-instance" xsi:schemaLocation="http://www.openarchives.org/OAI/2.0/ http://www.openarchives.org/OAI/2.0/OAI-PMH.xsd"><responseDate>2026-04-14T03:55:45Z</responseDate><request verb="GetRecord" identifier="oai:www.recercat.cat:10459.1/464001" metadataPrefix="marc">https://recercat.cat/oai/request</request><GetRecord><record><header><identifier>oai:recercat.cat:10459.1/464001</identifier><datestamp>2025-09-15T18:11:50Z</datestamp><setSpec>com_2072_3622</setSpec><setSpec>col_2072_479130</setSpec></header><metadata><record xmlns="http://www.loc.gov/MARC21/slim" xmlns:dcterms="http://purl.org/dc/terms/" xmlns:xsi="http://www.w3.org/2001/XMLSchema-instance" xmlns:doc="http://www.lyncode.com/xoai" xsi:schemaLocation="http://www.loc.gov/MARC21/slim http://www.loc.gov/standards/marcxml/schema/MARC21slim.xsd">
   <leader>00925njm 22002777a 4500</leader>
   <datafield ind2=" " ind1=" " tag="042">
      <subfield code="a">dc</subfield>
   </datafield>
   <datafield ind2=" " ind1=" " tag="720">
      <subfield code="a">Torres-Sánchez, Jorge</subfield>
      <subfield code="e">author</subfield>
   </datafield>
   <datafield ind2=" " ind1=" " tag="720">
      <subfield code="a">Escolà i Agustí, Alexandre</subfield>
      <subfield code="e">author</subfield>
   </datafield>
   <datafield ind2=" " ind1=" " tag="720">
      <subfield code="a">de Castro, Ana I.</subfield>
      <subfield code="e">author</subfield>
   </datafield>
   <datafield ind2=" " ind1=" " tag="720">
      <subfield code="a">López-Granados, Francisca</subfield>
      <subfield code="e">author</subfield>
   </datafield>
   <datafield ind2=" " ind1=" " tag="720">
      <subfield code="a">Rosell Polo, Joan Ramon</subfield>
      <subfield code="e">author</subfield>
   </datafield>
   <datafield ind2=" " ind1=" " tag="720">
      <subfield code="a">Sebé Feixas, Francesc</subfield>
      <subfield code="e">author</subfield>
   </datafield>
   <datafield ind2=" " ind1=" " tag="720">
      <subfield code="a">Jiménez-Brenes, Francisco M.</subfield>
      <subfield code="e">author</subfield>
   </datafield>
   <datafield ind2=" " ind1=" " tag="720">
      <subfield code="a">Sanz Cortiella, Ricardo</subfield>
      <subfield code="e">author</subfield>
   </datafield>
   <datafield ind2=" " ind1=" " tag="720">
      <subfield code="a">Gregorio López, Eduard</subfield>
      <subfield code="e">author</subfield>
   </datafield>
   <datafield ind2=" " ind1=" " tag="720">
      <subfield code="a">Peña, José M.</subfield>
      <subfield code="e">author</subfield>
   </datafield>
   <datafield ind2=" " ind1=" " tag="260">
      <subfield code="c">2023-07-26</subfield>
   </datafield>
   <datafield ind2=" " ind1=" " tag="520">
      <subfield code="a">The measurement of geometric canopy parameters in woody crops is an important task in Precision Agriculture because of their correlation with crop condition and productivity. In recent years, several technological approaches have been developed as an alternative to manual measurements, which are time- and labour-consuming. Two of the most commonly used 3D canopy characterization technologies are mobile terrestrial laser scanning (MTLS) based on light detection and ranging (LiDAR) sensors, and digital aerial photogrammetry (DAP) using imagery from uncrewed aerial vehicles (UAVs). Although both are state-of-the-art and have been fully tested and validated, a complete comparison between their geometric canopy parameter estimations in different woody crops and training systems has not been carried out. For this reason, a set of geometric parameters (canopy height, projected area, and volume) of a vineyard, an intensive peach orchard, and an intensive pear orchard were measured using UAV-DAP and MTLS-LiDAR. A comparison between both kinds of measurements was performed, accounting for the length of the sections in which the crop hedgerows were divided to extract the geometric parameters. Measurements from the UAV and the MTLS were highly correlated (R2 from 0.82 to 0.94) when considering the data from the three crops together, and the correlations were higher when analysing longer row sections. The canopy geometric parameters estimated using the MTLS-LiDAR always had higher values than those from the UAV-DAP. The results presented in this work provide useful data for a more informed selection of technological approaches for 3D crop characterization in Precision Fruticulture and high-throughput phenotyping.</subfield>
   </datafield>
   <datafield ind2=" " ind1=" " tag="520">
      <subfield code="a">This research was funded by the projects DECIMAL (PID2020-113229RB-C41), PRODIGIA (PID2020-113229RB-C44), AGVANCE (AGL2013-48297-C2-2-R), and PAgPROTECT (PID2021-126648OB-I00), from the Spanish Ministry of Science and Innovation (MCIN/AEI/10.13039/501100011033). The authors also wish to thank Codorníu SA, celler Raimat and IRTA for having allowed the use of their vineyards, pear and peach orchards to conduct the trials described in this work.</subfield>
   </datafield>
   <datafield tag="653" ind2=" " ind1=" ">
      <subfield code="a">Precision agriculture</subfield>
   </datafield>
   <datafield tag="653" ind2=" " ind1=" ">
      <subfield code="a">Digitalization</subfield>
   </datafield>
   <datafield tag="653" ind2=" " ind1=" ">
      <subfield code="a">Vineyard</subfield>
   </datafield>
   <datafield tag="653" ind2=" " ind1=" ">
      <subfield code="a">Pear</subfield>
   </datafield>
   <datafield tag="653" ind2=" " ind1=" ">
      <subfield code="a">Peach</subfield>
   </datafield>
   <datafield ind2="0" ind1="0" tag="245">
      <subfield code="a">Mobile terrestrial laser scanner vs. UAV photogrammetry to estimate woody crop canopy parameters - Part 2: Comparison for different crops and training systems</subfield>
   </datafield>
</record></metadata></record></GetRecord></OAI-PMH>